000 00552nam a2200181Ia 4500
005 20250508152904.0
008 008 250505s9999 xx 000 0 eng d
037 _aTextual
040 _aFEDL
_beng
_cFEDL
041 _aeng
_2eng
084 _a912, IND
_qFEDL
245 0 _aSchool atlas
245 0 _cIndia. Scientific Research and Cultural Affairs, (Ministry of...)
260 _aDehradun, India
_bMinistry of Scientific Research and cultural Afairs
_c1961
300 _a62p
942 _cTEXL
_h912, IND
999 _c1339424
_d1339424